| 000 | 00602nam a2200145 a 4500 | ||
|---|---|---|---|
| 008 | 060518s2005 xx |||||||||||||| || u | ||
| 050 | _aTHESIS | ||
| 100 | _aMulenga, Daniel | ||
| 245 | 1 | 0 |
_aOptimization of horizontal belt filter operations at Chambishi Metals Plc _cthesis supervised by F. Chileshe |
| 260 |
_a _bCopperbelt University, School of Technology, Mining Department _c2005 |
||
| 350 | _a0.00 | ||
| 650 | _aMINING | ||
| 650 | _aMETALLURGY | ||
| 995 |
_D0.00 _FCBU-MAIN LIBRARY (Kitwe) _H1 _I0.00 _M1 _UAVAILABLE _WMay 18, 2006 _ZUniversity Collection |
||
| 999 |
_c52738 _d52738 |
||